[Event "POL-chT3 Pomorskie"]
[Site "Poland"]
[Date "2013.04.07"]
[Round "5.13"]
[White "Wojtacha, Piotr"]
[Black "Szymanowski, Mateusz"]
[Result "0-1"]
[WhiteElo "1819"]
[BlackElo "1849"]
[PlyCount "118"]
[EventDate "2013.01.13"]
[EventType "team-tourn"]
[EventRounds "9"]
[EventCountry "POL"]
[SourceTitle "EXT 2019"]
[Source "ChessBase"]
[SourceDate "2018.10.10"]
[SourceVersion "1"]
[SourceVersionDate "2018.10.10"]
[SourceQuality "1"]
[WhiteTeam "Sztum"]
[BlackTeam "Gdansk Gedania II"]
[WhiteTeamCountry "POL"]
[BlackTeamCountry "POL"]

1. f4 d5 2. d4 Nf6 3. Nf3 c5 4. e3 Nc6 5. Be2 Bf5 6. c3 e6 7. 0-0 Be7 8. Bd2 0-0 9. h3 cxd4 10. exd4 Ne8 11. a4 Nd6 12. Be3 Na5 13. Nbd2 Rc8 14. Rc1 Qb6 15. b4 Nac4 16. Bxc4 Nxc4 17. Nxc4 Rxc4 18. Ne5 Rc7 19. a5 Qa6 20. Qd2 Rfc8 21. g4 Be4 22. Rfd1 f6 23. Nd3 Qxd3 24. Qxd3 Bxd3 25. Rxd3 Bxb4 26. cxb4 Rxc1+ 27. Bxc1 Rxc1+ 28. Kf2 Rb1 29. Rc3 Rxb4 30. Ke3 Rb5 31. f5 exf5 32. gxf5 g6 33. a6 bxa6 34. Kf4 Rb4 35. fxg6 hxg6 36. Ke3 Kf7 37. Rc7+ Ke6 38. Rxa7 Kf5 39. Rxa6 Rb3+ 40. Kf2 Rxh3 41. Rd6 g5 42. Rxd5+ Ke4 43. Rd6 f5 44. d5 Rd3 45. Rg6 g4 46. d6 Ke5 47. Rg7 Kxd6 48. Ra7 Ke5 49. Kg2 Ke4 50. Ra5 f4 51. Ra1 Rd2+ 52. Kh1 f3 53. Ra4+ Rd4 54. Ra1 g3 55. Kg1 Ke3 56. Re1+ Kd2 57. Ra1 Ke2 58. Ra2+ Rd2 59. Rxd2+ Kxd2 0-1

[Event "POL-chT3 Pomorskie"]
[Site "Poland"]
[Date "2013.04.07"]
[Round "6.9"]
[White "Zielinski, Wojciech"]
[Black "Wojtacha, Piotr"]
[Result "1-0"]
[WhiteElo "2145"]
[BlackElo "1819"]
[PlyCount "45"]
[EventDate "2013.01.13"]
[EventType "team-tourn"]
[EventRounds "9"]
[EventCountry "POL"]
[SourceTitle "EXT 2019"]
[Source "ChessBase"]
[SourceDate "2018.10.10"]
[SourceVersion "1"]
[SourceVersionDate "2018.10.10"]
[SourceQuality "1"]
[WhiteTeam "Kolbudy UKS Zawisza"]
[BlackTeam "Sztum"]
[WhiteTeamCountry "POL"]
[BlackTeamCountry "POL"]

1. e4 e6 2. d4 c5 3. d5 d6 4. c4 Nf6 5. Nc3 Be7 6. Bd3 0-0 7. Nge2 Na6 8. 0-0 e5 9. f4 Nb4 10. Bb1 Re8 11. h3 b6 12. f5 Na6 13. g4 h5 14. g5 Nh7 15. h4 Nxg5 16. hxg5 Bxg5 17. Rf2 Bxc1 18. Qxc1 Qf6 19. Rg2 Qh4 20. Bc2 Nb4 21. a3 Nxc2 22. Qxc2 Qh3 23. Qd2 1-0

[Event "POL-chT3 Pomorskie"]
[Site "Poland"]
[Date "2013.01.13"]
[Round "1.17"]
[White "Czapiewski, Waldemar"]
[Black "Wojtacha, Piotr"]
[Result "1-0"]
[WhiteElo "1879"]
[BlackElo "1819"]
[PlyCount "43"]
[EventDate "2013.01.13"]
[EventType "team-tourn"]
[EventRounds "9"]
[EventCountry "POL"]
[SourceTitle "EXT 2019"]
[Source "ChessBase"]
[SourceDate "2018.10.10"]
[SourceVersion "1"]
[SourceVersionDate "2018.10.10"]
[SourceQuality "1"]
[WhiteTeam "Chojnice Osemka"]
[BlackTeam "Sztum"]
[WhiteTeamCountry "POL"]
[BlackTeamCountry "POL"]

1. d4 e6 2. c4 d5 3. Nc3 Nf6 4. Nf3 c6 5. e3 Bb4 6. Qc2 Nbd7 7. Bd2 Nb6 8. Ne5 Bd7 9. Bd3 0-0 10. 0-0 Rc8 11. c5 Na8 12. a3 Bxc3 13. Bxc3 h6 14. b4 b6 15. a4 bxc5 16. bxc5 Nc7 17. Rfb1 Rb8 18. Rb2 Rxb2 19. Qxb2 Qe7 20. Qb7 Bc8 21. Qxa7 Ne4 22. Ba5 1-0

[Event "Malbork-ch"]
[Site "Malbork"]
[Date "2000.??.??"]
[Round "?"]
[White "Wozniak, Pawel"]
[Black "Wojtacha, Piotr"]
[Result "1-0"]
[WhiteElo "1800"]
[BlackElo "1800"]
[PlyCount "67"]
[EventDate "2000.??.??"]
[EventType "swiss"]
[EventRounds "9"]
[EventCountry "POL"]
[SourceTitle "EXT 2005"]
[Source "ChessBase"]
[SourceDate "2004.11.15"]
[SourceVersion "1"]
[SourceVersionDate "2004.11.15"]
[SourceQuality "1"]

1. d4 d5 2. Nf3 Nf6 3. Bg5 e6 4. c3 Be7 5. e3 0-0 6. Bd3 c5 7. 0-0 c4 8. Bc2 Nbd7 9. Nbd2 h6 10. Bxf6 Nxf6 11. e4 dxe4 12. Nxe4 Bd7 13. Qe2 Qc7 14. Ne5 Nd5 15. Nxd7 Qxd7 16. Qxc4 g6 17. g3 f5 18. Nd2 g5 19. Nf3 Bd6 20. Rae1 a6 21. Ne5 Qg7 22. Qd3 Rf6 23. a3 b5 24. c4 bxc4 25. Qxc4 Ne7 26. Nd7 Nd5 27. Nxf6+ Qxf6 28. Qc6 Rd8 29. Qxa6 h5 30. Qd3 h4 31. Bb3 hxg3 32. fxg3 Nc7 33. Rxf5 Qg6 34. Rf8+ 1-0